La simetría / (Record no. 13624)

MARC details
000 -CABECERA
campo de control de longitud fija 00758nam a22002417a 4500
003 - IDENTIFICADOR DEL NÚMERO DE CONTROL
campo de control OSt
005 - FECHA Y HORA DE LA ÚLTIMA TRANSACCIÓN
campo de control 20260530115317.0
008 - DATOS DE LONGITUD FIJA--INFORMACIÓN GENERAL
campo de control de longitud fija 260507b1975 sp a|||| |||| 00| 0 spa d
020 ## - NÚMERO INTERNACIONAL ESTÁNDAR DEL LIBRO
Número Internacional Estándar del Libro 8473530233
040 ## - FUENTE DE LA CATALOGACIÓN
Centro catalogador/agencia de origen ICI
Lengua de catalogación spa
Centro/agencia transcriptor ICI
041 ## - CÓDIGO DE LENGUA
Código de lengua del texto/banda sonora o título independiente spa
050 4# - SIGNATURA TOPOGRÁFICA DE LA BIBLIOTECA DEL CONGRESO
Número de clasificación N76
Número de documento/Ítem W423
100 1# - ENTRADA PRINCIPAL--NOMBRE DE PERSONA
Nombre de persona Weyl, Hermann,
Término indicativo de función/relación autor
9 (RLIN) 33833
245 13 - MENCIÓN DE TÍTULO
Título La simetría /
Mención de responsabilidad, etc. Hermann Weyl ; prólogo de Eduardo Bonet ; traducción de José Grané
264 ## - PRODUCCIÓN, PUBLICACIÓN, DISTRIBUCIÓN, FABRICACIÓN Y COPYRIGHT
Producción, publicación, distribución, fabricación y copyright Barcelona :
Nombre del de productor, editor, distribuidor, fabricante Ediciones de Promoción Cultural,
Fecha de producción, publicación, distribución, fabricación o copyright c1975
300 ## - DESCRIPCIÓN FÍSICA
Extensión 145 páginas
490 0# - MENCIÓN DE SERIE
Mención de serie Colección de matemática aplicada
650 #4 - PUNTO DE ACCESO ADICIONAL DE MATERIA--TÉRMINO DE MATERIA
Término de materia o nombre geográfico como elemento de entrada Estética
9 (RLIN) 7755
650 #4 - PUNTO DE ACCESO ADICIONAL DE MATERIA--TÉRMINO DE MATERIA
Término de materia o nombre geográfico como elemento de entrada Proporción (Arte)
9 (RLIN) 33834
700 1# - PUNTO DE ACCESO ADICIONAL--NOMBRE DE PERSONA
Nombre de persona Bonet, Eduardo,
Término indicativo de función/relación prologuista
9 (RLIN) 33835
700 1# - PUNTO DE ACCESO ADICIONAL--NOMBRE DE PERSONA
Nombre de persona Grane, José,
Término indicativo de función/relación traductor
9 (RLIN) 33836
942 ## - ELEMENTOS DE PUNTO DE ACCESO ADICIONAL (KOHA)
Fuente del sistema de clasificación o colocación Library of Congress Classification
Tipo de ítem Koha
Suprimir en OPAC 1

No items available.